| 000 | 00796cab a2200277 4500 | ||
|---|---|---|---|
| 001 | ABS54577 | ||
| 008 | 090401t1996 xxu||||| |||| 00| 0 eng d | ||
| 035 | _a(Sirsi) u11176 | ||
| 041 | _aeng | ||
| 245 | _aCivil proceedings - terminology | ||
| 260 | _c1996 | ||
| 350 | _a0 | ||
| 490 |
_aEstates Gazette _v(9607) 17 February 1996, 135-136(2) |
||
| 520 | _aMainly for students article that seeks to clarify the meaning of words and phrases used in the context of civil litigation. | ||
| 650 | _aAFFIDAVITS | ||
| 650 | _aBURDEN OF PROOF | ||
| 650 | _aCALDERBANK LETTERS | ||
| 650 | _aDEFINITIONS | ||
| 650 | _aINTERLOCUTORY PROCEEDINGS | ||
| 650 | _aLITIGATION | ||
| 650 | _aSCOTT SCHEDULES | ||
| 650 | _aWITHOUT PREJUDICE | ||
| 690 | _aLAW | ||
| 942 | _n0 | ||
| 948 | _c04/03/1997 | ||
| 999 |
_c7113 _d7113 |
||